Films de Spielberg par Images - Mort subite - Statistiques

Statistiques générales
  • Ce quiz a été pris 48 973 fois
  • Le résultat moyen est 5 sur 10
Answers on the Grid
Answers color-coded by a green-red scale on the quiz's grid according to % correct below.
 
Statistiques - réponses
Réponse % Correct
E.T., l'extra-terrestre
73%
Jurassic Park
62%
Les Dents de la mer
60%
Les Aventuriers de l'arche perdue
53%
Il faut sauver le soldat Ryan
47%
Les Aventures de Tintin : Le Secret de la Licorne
44%
La Liste de Schindler
40%
Minority Report
29%
Rencontres du troisième type
29%
Lincoln
28%
Aucun quiz correspondant
Distribution des résultats
% des personnes avec chaque résultat
Percentile par nombre de réponses
Votre historique - résultats
Vous n’avez pas pris ce quiz